000
00262nam a22001217a 4500
008
170622b xxu||||| |||| 00| 0 eng d
041
_a
eng
080
_a
32
100
_a
21
101
_a
SHP
245
_a
POLITICAL MODERNIZATION
_c
WELCH.C.E
942
_2
udc
_c
BK
999
_c
18826
_d
18826